000 00723cam a2200193 4500
001 ##ABS68832
008 050321n2005 000 0 eng u
035 _a(Sirsi) u129114
041 0 _aeng
245 0 4 _aThe ultimate test
260 _c2005
490 0 _aInside Housing
_v22(10) 11 March 2005, 18-21(4)
520 _aSummarises the position of the three main political parties on a number of key housing issues prior to the general election: decent homes, housing growth, planning rules, governance and government, low demand, home ownership and anti-social behaviour.
590 _aABS
650 2 4 _aDCLG DECENT HOMES STANDARD
651 4 _aEngland
_y886-
690 _aResidential property
_96266
942 _n0
999 _c74953
_d74953